[Event "Paris Barreau 4th"]
[Site "Paris"]
[Date "2023.09.06"]
[Round "6"]
[White "Lazo, Andrei"]
[Black "Laurent, Julien G"]
[Result "1/2-1/2"]
[WhiteElo "2212"]
[BlackElo "2199"]
[PlyCount "44"]
[EventDate "2023.09.03"]
[EventType "tourn"]
[EventRounds "9"]
[EventCountry "FRA"]
[EventCategory "4"]
[SourceTitle "EXT 2024"]
[Source "ChessBase"]
[SourceDate "2023.10.10"]
[SourceVersion "1"]
[SourceVersionDate "2023.10.10"]
[SourceQuality "1"]

1. d4 Nf6 2. Nf3 e6 3. Bg5 c5 4. c3 d5 5. e3 Be7 6. Nbd2 Nc6 7. Bd3 h6 8. Bh4 a6 9. 0-0 b5 10. Ne5 Nxe5 11. dxe5 Nd7 12. Bg3 Bb7 13. f4 g6 14. Qc2 Nf8 15. a4 c4 16. Be2 Bc5 17. Bf2 Qb6 18. e4 Bxf2+ 19. Rxf2 Nd7 20. exd5 Bxd5 21. axb5 axb5 22. Rxa8+ Bxa8 1/2-1/2

[Event "Paris Barreau 4th"]
[Site "Paris"]
[Date "2023.09.04"]
[Round "2"]
[White "Laurent, Julien G"]
[Black "Bonte, Andrei Mihai"]
[Result "0-1"]
[WhiteElo "2199"]
[BlackElo "2340"]
[PlyCount "57"]
[EventDate "2023.09.03"]
[EventType "tourn"]
[EventRounds "9"]
[EventCountry "FRA"]
[EventCategory "4"]
[SourceTitle "EXT 2024"]
[Source "ChessBase"]
[SourceDate "2023.10.10"]
[SourceVersion "1"]
[SourceVersionDate "2023.10.10"]
[SourceQuality "1"]

1. d4 Nf6 2. c4 e6 3. Nc3 Bb4 4. e3 d5 5. Bd3 0-0 6. a3 dxc4 7. Bxc4 Bd6 8. Nf3 Nc6 9. b4 a6 10. Bb2 e5 11. d5 Ne7 12. Nd2 b5 13. Ba2 Bb7 14. e4 c5 15. bxc5 Bxc5 16. 0-0 Ng6 17. Nb3 Bb6 18. Bb1 Rc8 19. Bd3 Ne8 20. Ne2 Nd6 21. a4 f5 22. exf5 Nxf5 23. Be4 Rc4 24. Qd3 Rxe4 25. Qxe4 Bxd5 26. Qb4 Qg5 27. g3 Nxg3 28. Nxg3 Nf4 29. h3 0-1

[Event "Norway Chess op"]
[Site "Stavanger"]
[Date "2023.05.28"]
[Round "2"]
[White "Laurent, Julien G"]
[Black "Gungl, Theo"]
[Result "1/2-1/2"]
[WhiteElo "2231"]
[BlackElo "2370"]
[PlyCount "74"]
[EventDate "2023.05.27"]
[EventType "swiss"]
[EventRounds "10"]
[EventCountry "NOR"]
[SourceTitle "CBM 214 Extra"]
[Source "ChessBase"]
[SourceDate "2023.07.31"]
[SourceVersion "1"]
[SourceVersionDate "2023.07.31"]
[SourceQuality "1"]

1. Nf3 d5 2. c4 c6 3. g3 g6 4. Bg2 Bg7 5. 0-0 e5 6. d3 Ne7 7. Nc3 0-0 8. Bg5 f6 9. Bd2 Be6 10. b3 h6 11. Rc1 Na6 12. cxd5 cxd5 13. Na4 Qd6 14. d4 e4 15. Ne1 b6 16. f3 f5 17. Bf4 Qd7 18. Qd2 Kh7 19. Nc2 Rac8 20. Be3 g5 21. f4 g4 22. Nb4 Nxb4 23. Qxb4 Nc6 24. Qd2 Rc7 25. Nc3 Na5 26. Nb1 Rfc8 27. Rfd1 Bf6 28. Bf2 Rc6 29. Bf1 Qc7 30. Rxc6 Qxc6 31. e3 Be7 32. Be1 Bd7 33. Be2 Kg7 34. Kf2 Kf7 35. Qb2 Qc2 36. Qxc2 Rxc2 37. Rd2 Rc1 1/2-1/2

[Event "Norway Chess op"]
[Site "Stavanger"]
[Date "2023.05.27"]
[Round "1"]
[White "Tripathi, Pratyush"]
[Black "Laurent, Julien G"]
[Result "0-1"]
[WhiteElo "1797"]
[BlackElo "2231"]
[PlyCount "56"]
[EventDate "2023.05.27"]
[EventType "swiss"]
[EventRounds "10"]
[EventCountry "NOR"]
[SourceTitle "CBM 214 Extra"]
[Source "ChessBase"]
[SourceDate "2023.07.31"]
[SourceVersion "1"]
[SourceVersionDate "2023.07.31"]
[SourceQuality "1"]

1. d4 Nf6 2. c4 e6 3. Nf3 c5 4. d5 d6 5. Nc3 exd5 6. cxd5 g6 7. Nd2 Bg7 8. e4 0-0 9. Be2 Re8 10. 0-0 a6 11. a4 Nbd7 12. Qc2 Rb8 13. Re1 h6 14. a5 g5 15. Nc4 Ne5 16. Ne3 Ng6 17. Nc4 Ng4 18. Bf1 f5 19. h3 N4e5 20. Bd2 f4 21. Nb6 g4 22. Nxc8 Rxc8 23. hxg4 Qh4 24. Be2 Rf8 25. Qd1 f3 26. Bxf3 Rxf3 27. gxf3 Qh3 28. Re3 Nh4 0-1

[Event "Titled Tuesday intern op1 3rd March  "]
[Site "Chess.com INT"]
[Date "2020.03.03"]
[Round "1"]
[White "Terry, Renato"]
[Black "Laurent, Julien G"]
[Result "1-0"]
[WhiteElo "2504"]
[BlackElo "2274"]
[PlyCount "43"]
[EventDate "2020.03.03"]
[EventType "swiss (blitz)"]
[EventRounds "10"]
[EventCountry "USA"]
[SourceTitle "EXT 2021"]
[Source "ChessBase"]
[SourceDate "2020.10.23"]
[SourceVersion "1"]
[SourceVersionDate "2020.10.23"]
[SourceQuality "1"]

1. d4 Nf6 2. Bg5 e6 3. e4 h6 4. Bxf6 Qxf6 5. c3 c5 6. Nf3 g5 7. e5 Qe7 8. Nbd2 d5 9. exd6 Qxd6 10. Ne4 Qc7 11. Bb5+ Bd7 12. Nf6+ Ke7 13. Nxd7 Nxd7 14. 0-0 Bg7 15. d5 exd5 16. Qxd5 Nf6 17. Qf5 Rhd8 18. Bc4 Kf8 19. Ne5 Qc8 20. Qf3 a6 21. Nxf7 Rd7 22. Be6 1-0

[Event "BEL-chT 1819"]
[Site "Belgium"]
[Date "2019.02.24"]
[Round "8.5"]
[White "Laurent, Julien G"]
[Black "Daulyte Cornette, Deimante"]
[Result "1/2-1/2"]
[WhiteElo "2242"]
[BlackElo "2462"]
[PlyCount "112"]
[EventDate "2018.09.30"]
[EventType "team-tourn"]
[EventRounds "11"]
[EventCountry "BEL"]
[SourceTitle "CBM 189 Extra"]
[Source "ChessBase"]
[SourceDate "2019.06.03"]
[SourceVersion "1"]
[SourceVersionDate "2019.06.03"]
[SourceQuality "1"]
[WhiteTeam "Boitsfort"]
[BlackTeam "Echiquier Mosan"]
[WhiteTeamCountry "BEL"]
[BlackTeamCountry "BEL"]

1. d4 Nf6 2. c4 e6 3. Nc3 Bb4 4. e3 0-0 5. Bd3 d5 6. a3 Bxc3+ 7. bxc3 dxc4 8. Bxc4 c5 9. Ne2 Qc7 10. Ba2 Rd8 11. 0-0 e5 12. f3 b5 13. a4 b4 14. cxb4 exd4 15. bxc5 dxe3 16. Qc2 Ba6 17. Bc4 Nd5 18. Bxd5 Rxd5 19. Bxe3 Re5 20. Bf4 Qxc5+ 21. Qxc5 Rxc5 22. Rfc1 Nd7 23. Nd4 Rac8 24. Rxc5 Rxc5 25. Rc1 Rxc1+ 26. Bxc1 Bc4 27. Kf2 Nc5 28. Ke3 Nxa4 29. Nc6 a6 30. Kd4 Bb5 31. Ne7+ Kf8 32. Ba3 f6 33. Nf5+ Kg8 34. h4 g6 35. Ne3 Kf7 36. g4 Ke6 37. f4 f5 38. g5 Nb6 39. Bc5 Nd7 40. Bb4 Nb8 41. Kc5 Nd7+ 42. Kd4 Bc6 43. Nc4 Be4 44. Ba5 Bg2 45. Bc7 Bf1 46. Ne5 Nxe5 47. Bxe5 a5 48. Kc5 Be2 49. Bc3 a4 50. Bb2 Bd1 51. Ba3 Bb3 52. Bb2 Kd7 53. Ba3 Ke6 54. Bb2 Kd7 55. Ba3 Ke6 56. Bb2 Kd7 1/2-1/2

[Event "Rochefort op 18th Op A"]
[Site "Rochefort"]
[Date "2019.02.16"]
[Round "5.15"]
[White "Jackson, Thomas"]
[Black "Laurent, Julien G"]
[Result "0-1"]
[WhiteElo "2156"]
[BlackElo "2303"]
[PlyCount "65"]
[EventDate "2019.02.16"]
[EventType "swiss"]
[EventRounds "9"]
[EventCountry "FRA"]
[SourceTitle "CBM 189 Extra"]
[Source "ChessBase"]
[SourceDate "2019.06.03"]
[SourceVersion "1"]
[SourceVersionDate "2019.06.03"]
[SourceQuality "1"]

1. d4 d6 2. Nf3 Bg4 3. c4 Bxf3 4. exf3 Nd7 5. g3 c6 6. Bg2 Nb6 7. Qb3 e6 8. Nc3 Qd7 9. 0-0 d5 10. c5 Nc8 11. Qa4 g6 12. Be3 Bg7 13. Rfe1 Nge7 14. f4 0-0 15. b4 Nf5 16. Rad1 h5 17. Qb3 b6 18. Na4 b5 19. Nb2 a5 20. a3 Nce7 21. h3 Ra7 22. a4 Rb8 23. bxa5 Qc7 24. Qc3 Qxa5 25. Qxa5 Rxa5 26. axb5 Rbxb5 27. Rd2 Ra2 28. Ree2 Bxd4 29. Rxd4 Rbxb2 30. Rxb2 Rxb2 31. Ra4 Nxe3 32. fxe3 Rc2 33. Ra6 0-1

[Event "Titled Tuesday intern op 2nd Febr"]
[Site "Chess.com INT"]
[Date "2019.02.05"]
[Round "10"]
[White "Laurent, Julien G"]
[Black "Bouget, Alexandre"]
[Result "0-1"]
[WhiteElo "2303"]
[BlackElo "2232"]
[PlyCount "44"]
[EventDate "2019.02.05"]
[EventType "swiss (blitz)"]
[EventRounds "10"]
[EventCountry "USA"]
[SourceTitle "EXT 2021"]
[Source "ChessBase"]
[SourceDate "2020.10.23"]
[SourceVersion "1"]
[SourceVersionDate "2020.10.23"]
[SourceQuality "1"]

1. d4 d5 2. c4 dxc4 3. Nf3 Nf6 4. e3 b5 5. a4 b4 6. Bxc4 e6 7. 0-0 Be7 8. Re1 Bb7 9. Nbd2 0-0 10. e4 c5 11. e5 Nfd7 12. Ne4 cxd4 13. Bf4 Nc6 14. Rc1 Rc8 15. Bd3 Qa5 16. Neg5 h6 17. Nh7 Rfd8 18. Bxh6 gxh6 19. Qd2 Ncxe5 20. Nxe5 Nxe5 21. Rcd1 Nxd3 22. Qxd3 Qd5 0-1

[Event "Titled Tuesday intern op 2nd Febr"]
[Site "Chess.com INT"]
[Date "2019.02.05"]
[Round "9"]
[White "Nikologorskiy, Konstantin"]
[Black "Laurent, Julien G"]
[Result "1-0"]
[WhiteElo "2413"]
[BlackElo "2303"]
[PlyCount "101"]
[EventDate "2019.02.05"]
[EventType "swiss (blitz)"]
[EventRounds "10"]
[EventCountry "USA"]
[SourceTitle "EXT 2021"]
[Source "ChessBase"]
[SourceDate "2020.10.23"]
[SourceVersion "1"]
[SourceVersionDate "2020.10.23"]
[SourceQuality "1"]

1. e4 c6 2. d4 d5 3. Nc3 dxe4 4. Nxe4 Bf5 5. Ng3 Bg6 6. Bc4 Nd7 7. N1e2 e6 8. h4 h6 9. Nf4 Bh7 10. 0-0 Ngf6 11. Re1 Be7 12. Bxe6 fxe6 13. Nxe6 Qb6 14. Nxg7+ Kf7 15. N7f5 Bxf5 16. Nxf5 Bf8 17. Qe2 Re8 18. Qc4+ Nd5 19. Rxe8 Kxe8 20. Qe2+ Kd8 21. c4 N5f6 22. Bf4 c5 23. d5 Ne8 24. Re1 Nd6 25. Nxh6 Bxh6 26. Qe7+ Kc7 27. Bxh6 Rxh6 28. Re6 Rh8 29. b3 Re8 30. Qh7 Qa5 31. Kh2 Qd2 32. Rxe8 Nxe8 33. Qf5 Nd6 34. Qf3 Qd4 35. g3 Ne5 36. Qf8 Ng4+ 37. Kg2 Qe4+ 38. Kh3 Ne5 39. Kh2 Nf3+ 40. Kh3 Ng1+ 41. Kh2 Nf3+ 42. Kh3 Nd4 43. h5 N4f5 44. Kh2 Qg4 45. Qh8 Qf3 46. Kg1 a5 47. h6 Ne4 48. Qe5+ Kb6 49. Qf4 Qxf4 50. gxf4 Nxh6 51. Kg2 1-0

[Event "BEL-chT 1819"]
[Site "Belgium"]
[Date "2018.11.18"]
[Round "4.2"]
[White "Laurent, Julien G"]
[Black "Cekro, Ekrem"]
[Result "1/2-1/2"]
[WhiteElo "2242"]
[BlackElo "2392"]
[PlyCount "40"]
[EventDate "2018.09.30"]
[EventType "team-tourn"]
[EventRounds "11"]
[EventCountry "BEL"]
[SourceTitle "CBM 187 Extra"]
[Source "ChessBase"]
[SourceDate "2018.11.04"]
[SourceVersion "1"]
[SourceVersionDate "2018.11.04"]
[SourceQuality "1"]
[WhiteTeam "Boitsfort"]
[BlackTeam "Fontaine"]
[WhiteTeamCountry "BEL"]
[BlackTeamCountry "BEL"]

1. Nf3 Nf6 2. c4 c5 3. g3 Nc6 4. d4 cxd4 5. Nxd4 g6 6. Bg2 Bg7 7. 0-0 0-0 8. Nc3 Nxd4 9. Qxd4 d6 10. Qd2 Be6 11. Bxb7 Rb8 12. Bg2 Bxc4 13. b3 Nd5 14. Nxd5 Bxd5 15. Bb2 Bxb2 16. Qxb2 Bxg2 17. Kxg2 Qa5 18. Rac1 Rfc8 19. Rfd1 h5 20. h3 Qa6 1/2-1/2

[Event "BEL-chT 1819"]
[Site "Belgium"]
[Date "2018.09.30"]
[Round "1.6"]
[White "Kabos, Tobias"]
[Black "Laurent, Julien G"]
[Result "1/2-1/2"]
[WhiteElo "2295"]
[BlackElo "2242"]
[PlyCount "70"]
[EventDate "2018.09.30"]
[EventType "team-tourn"]
[EventRounds "11"]
[EventCountry "BEL"]
[SourceTitle "CBM 186 Extra"]
[Source "ChessBase"]
[SourceDate "2018.08.24"]
[SourceVersion "1"]
[SourceVersionDate "2018.08.24"]
[SourceQuality "1"]
[WhiteTeam "Liege Crelel"]
[BlackTeam "Boitsfort"]
[WhiteTeamCountry "BEL"]
[BlackTeamCountry "BEL"]

1. d4 Nf6 2. c4 e6 3. Nc3 Bb4 4. f3 d5 5. a3 Bxc3+ 6. bxc3 c5 7. dxc5 Qa5 8. cxd5 exd5 9. e3 Nc6 10. Ne2 Qxc5 11. Nd4 0-0 12. Nxc6 Qxc3+ 13. Bd2 Qxc6 14. Bd3 Nd7 15. Rc1 Qb6 16. Rb1 Qe6 17. 0-0 Ne5 18. Bc3 Nxd3 19. Qxd3 Re8 20. Bd4 b6 21. Rfc1 Qg6 22. Qxg6 hxg6 23. a4 Bf5 24. Rb5 Bd7 25. Rb4 Rec8 26. Rxc8+ Rxc8 27. a5 bxa5 28. Rb7 Rc1+ 29. Kf2 Rc2+ 30. Kg3 Bf5 31. Rxa7 Ra2 32. Ra8+ Kh7 33. Ra7 Be6 34. h4 a4 35. Ra5 Kg8 1/2-1/2

[Event "San Sebastian Gros op 28th"]
[Site "San Sebastian"]
[Date "2018.06.29"]
[Round "9"]
[White "Vasquez Schroder, Rodrigo Rafael"]
[Black "Laurent, Julien G"]
[Result "1-0"]
[WhiteElo "2505"]
[BlackElo "2271"]
[PlyCount "65"]
[EventDate "2018.06.22"]
[EventType "swiss"]
[EventRounds "9"]
[EventCountry "ESP"]
[SourceTitle "CBM 185 Extra"]
[Source "ChessBase"]
[SourceDate "2018.07.29"]
[SourceVersion "1"]
[SourceVersionDate "2018.07.29"]
[SourceQuality "1"]

1. Nf3 Nf6 2. c4 e6 3. Nc3 d5 4. d4 Be7 5. Bg5 0-0 6. e3 h6 7. Bh4 Ne4 8. Bxe7 Qxe7 9. Rc1 c6 10. h4 Nd7 11. g4 e5 12. cxd5 Nxc3 13. Rxc3 cxd5 14. g5 e4 15. Nd2 g6 16. Qb3 Nb6 17. Qa3 Qxa3 18. Rxa3 hxg5 19. hxg5 Bf5 20. Nb1 Rfc8 21. Nc3 Be6 22. Kd2 Nc4+ 23. Bxc4 Rxc4 24. Rc1 a5 25. Rb3 Rb4 26. Ne2 Ra6 27. Rcc3 Kf8 28. Nf4 Ke8 29. Rc5 Rab6 30. Rxa5 Rxb3 31. axb3 Rd6 32. Ne2 Kd7 33. Nc3 1-0

[Event "Porto Mannu op 10th"]
[Site "Porto Mannu"]
[Date "2018.06.03"]
[Round "2"]
[White "Nevednichy, Vladislav"]
[Black "Laurent, Julien G"]
[Result "1-0"]
[WhiteElo "2525"]
[BlackElo "2271"]
[PlyCount "107"]
[EventDate "2018.06.02"]
[EventType "swiss"]
[EventRounds "9"]
[EventCountry "ITA"]
[SourceTitle "CBM 184 Extra"]
[Source "ChessBase"]
[SourceDate "2018.06.28"]
[SourceVersion "1"]
[SourceVersionDate "2018.06.28"]
[SourceQuality "1"]

1. e4 c6 2. Nc3 d5 3. Nf3 dxe4 4. Nxe4 Nf6 5. Qe2 Nxe4 6. Qxe4 Qd5 7. Qe3 Qe6 8. b3 Qxe3+ 9. fxe3 g6 10. Bb2 Rg8 11. e4 Bg7 12. Bxg7 Rxg7 13. d4 f5 14. Bd3 fxe4 15. Bxe4 Nd7 16. 0-0 Nf6 17. Rae1 Nxe4 18. Rxe4 Bf5 19. Rf4 0-0-0 20. Rf2 e6 21. Nh4 e5 22. Nxf5 gxf5 23. dxe5 Rd1+ 24. Rf1 Rd2 25. R4f2 Rxf2 26. Rxf2 Rg5 27. e6 Kc7 28. Re2 Rg8 29. Re5 Kd6 30. Rxf5 Kxe6 31. Rh5 Rg7 32. Kf2 Kf6 33. h4 Rd7 34. Ke3 Kg6 35. Rg5+ Kf6 36. g4 h6 37. Rf5+ Kg7 38. a4 Rd1 39. Rf4 Rh1 40. h5 Rh2 41. Kd3 Rh3+ 42. Kc4 Re3 43. Rd4 Re7 44. Kc5 Kf6 45. Rd6+ Kg5 46. Rg6+ Kf4 47. c4 Rh7 48. a5 a6 49. Kb6 Re7 50. Rxh6 Kxg4 51. Rh8 Kg5 52. h6 Kg6 53. h7 Re3 54. Rb8 1-0

[Event "Titled Tuesday intern op 3rd April"]
[Site "Chess.com INT"]
[Date "2018.04.03"]
[Round "10"]
[White "Laurent, Julien G"]
[Black "Mustaps, Matiss"]
[Result "1-0"]
[WhiteElo "2323"]
[BlackElo "2320"]
[PlyCount "65"]
[EventDate "2018.04.03"]
[EventType "swiss (blitz)"]
[EventRounds "10"]
[EventCountry "USA"]
[SourceTitle "EXT 2021"]
[Source "ChessBase"]
[SourceDate "2020.10.23"]
[SourceVersion "1"]
[SourceVersionDate "2020.10.23"]
[SourceQuality "1"]

1. d4 Nf6 2. c4 g6 3. Nc3 Bg7 4. e4 0-0 5. Nf3 d6 6. Be2 Na6 7. 0-0 e5 8. Re1 exd4 9. Nxd4 Re8 10. Bf1 Nc5 11. f3 a5 12. Bg5 h6 13. Be3 c6 14. Qd2 Kh7 15. Rad1 a4 16. Nxc6 Ncxe4 17. Nxd8 Nxd2 18. Nxf7 Nxf1 19. Kxf1 Be6 20. Nxd6 Red8 21. c5 a3 22. b3 Bg8 23. Nxb7 Rdb8 24. c6 Rc8 25. Na4 Rxc6 26. Nac5 Nd5 27. Bf2 Nc3 28. Rd7 Kh8 29. Rxg7 Kxg7 30. Bd4+ Kf7 31. Bxc3 Re8 32. Rd1 g5 33. Nd6+ 1-0

[Event "Titled Tuesday intern op 3rd April"]
[Site "Chess.com INT"]
[Date "2018.04.03"]
[Round "4"]
[White "Risting, Eivind Olav"]
[Black "Laurent, Julien G"]
[Result "1-0"]
[WhiteElo "2304"]
[BlackElo "2323"]
[PlyCount "31"]
[EventDate "2018.04.03"]
[EventType "swiss (blitz)"]
[EventRounds "10"]
[EventCountry "USA"]
[SourceTitle "EXT 2021"]
[Source "ChessBase"]
[SourceDate "2020.10.23"]
[SourceVersion "1"]
[SourceVersionDate "2020.10.23"]
[SourceQuality "1"]

1. d4 Nf6 2. Bg5 e6 3. e4 h6 4. Bxf6 Qxf6 5. c3 g6 6. Bd3 d6 7. Ne2 Bg7 8. 0-0 0-0 9. Nd2 b6 10. a4 a5 11. f4 Bb7 12. Nf3 Nd7 13. Qd2 Qe7 14. Rae1 c5 15. f5 exf5 16. exf5 1-0

[Event "Paris-ch 92nd"]
[Site "Paris"]
[Date "2017.07.19"]
[Round "6"]
[White "Laurent, Julien G"]
[Black "Iglesias, Yosha"]
[Result "1-0"]
[WhiteElo "2295"]
[BlackElo "2256"]
[PlyCount "81"]
[EventDate "2017.07.14"]
[EventType "swiss"]
[EventRounds "9"]
[EventCountry "FRA"]
[SourceTitle "EXT 2018"]
[Source "ChessBase"]
[SourceDate "2017.10.13"]
[SourceVersion "1"]
[SourceVersionDate "2017.10.13"]
[SourceQuality "1"]

1. d4 d6 2. Nf3 Bg4 3. c4 Nd7 4. g3 Bxf3 5. exf3 g6 6. Bg2 Bg7 7. 0-0 e6 8. f4 c6 9. Nc3 d5 10. Re1 Nb6 11. c5 Nd7 12. b4 Ne7 13. Be3 Nf5 14. Qd3 h5 15. a4 Nxe3 16. fxe3 f5 17. Rab1 Nf6 18. h4 Ng4 19. Bf3 Bf6 20. Kg2 Rh7 21. Re2 Rd7 22. Reb2 Qc7 23. Ne2 Qd8 24. Ng1 Qc7 25. Rc2 Be7 26. Be2 Qd8 27. Nf3 Qc7 28. Qc3 Bd8 29. Ne1 Nf6 30. Nd3 Ne4 31. Qe1 Rg7 32. Bf3 g5 33. hxg5 Bxg5 34. fxg5 Rxg5 35. Bxe4 fxe4 36. Ne5 0-0-0 37. Kh2 h4 38. gxh4 Rh8 39. Rg2 Rgh5 40. Rg4 Qh7 41. Ng6 1-0

[Event "Paris-ch 92nd"]
[Site "Paris"]
[Date "2017.07.17"]
[Round "4"]
[White "Laurent, Julien G"]
[Black "Mohammad, Fahim"]
[Result "1/2-1/2"]
[WhiteElo "2295"]
[BlackElo "2255"]
[PlyCount "99"]
[EventDate "2017.07.14"]
[EventType "swiss"]
[EventRounds "9"]
[EventCountry "FRA"]
[SourceTitle "EXT 2018"]
[Source "ChessBase"]
[SourceDate "2017.10.13"]
[SourceVersion "1"]
[SourceVersionDate "2017.10.13"]
[SourceQuality "1"]

1. d4 d5 2. c4 dxc4 3. Nf3 Nf6 4. e3 Bg4 5. Bxc4 e6 6. h3 Bh5 7. Nc3 Nc6 8. Bb5 Be7 9. g4 Bg6 10. Ne5 0-0 11. Nxc6 bxc6 12. Bxc6 Rb8 13. 0-0 Qd6 14. Bg2 c5 15. dxc5 Qxc5 16. e4 Rfd8 17. Qe2 Ne8 18. Be3 Qa5 19. Rfd1 Nd6 20. f4 f6 21. f5 Bf7 22. fxe6 Bxe6 23. Nd5 Bf8 24. b4 Qa4 25. e5 fxe5 26. Bg5 Re8 27. Nc7 Bc4 28. Bd5+ Bxd5 29. Nxd5 Nf7 30. Be3 Bxb4 31. Qc4 Qa3 32. Rd3 Qb2 33. Rf1 Nd6 34. Nf6+ Kh8 35. Rxd6 Bxd6 36. Nxe8 Rxe8 37. Qf7 Qb8 38. Bxa7 Qc8 39. Qd5 Ba3 40. Be3 Qc3 41. Qb3 Qxb3 42. axb3 Rb8 43. Rb1 Kg8 44. Kg2 Kf7 45. Bd2 Bb4 46. Bxb4 Rxb4 47. Kf3 Kf6 48. Ke3 Kg5 49. Kd3 Kh4 50. Kc3 1/2-1/2

[Event "Titled Tuesday intern Qual2 11th April"]
[Site "Chess.com INT"]
[Date "2017.04.11"]
[Round "3"]
[White "Laurent, Julien G"]
[Black "Muha, Sergey"]
[Result "0-1"]
[WhiteElo "2338"]
[BlackElo "2192"]
[PlyCount "82"]
[EventDate "2017.04.11"]
[EventType "swiss (blitz)"]
[EventRounds "10"]
[EventCountry "USA"]
[SourceTitle "EXT 2021"]
[Source "ChessBase"]
[SourceDate "2020.10.23"]
[SourceVersion "1"]
[SourceVersionDate "2020.10.23"]
[SourceQuality "1"]

1. d4 Nf6 2. c4 g6 3. Nc3 Bg7 4. e4 d6 5. Nf3 0-0 6. Be2 e5 7. 0-0 Nc6 8. d5 Ne7 9. Ne1 Ne8 10. Nd3 f5 11. f4 exf4 12. Bxf4 fxe4 13. Nxe4 Nf5 14. Qd2 Nd4 15. Ng5 Nf6 16. Rae1 h6 17. Ne6 Nxe6 18. dxe6 Bxe6 19. Bxh6 Bxc4 20. Bxg7 Kxg7 21. Nf4 Bf7 22. Bf3 c6 23. Ne6+ Bxe6 24. Rxe6 d5 25. Rfe1 Qb6+ 26. Kh1 Rae8 27. Re7+ Rxe7 28. Rxe7+ Rf7 29. Rxf7+ Kxf7 30. g4 Qa6 31. Kg2 Qxa2 32. g5 Nd7 33. Bg4 Ke7 34. Qe3+ Kd8 35. Qe6 Qxb2+ 36. Kh1 Qc1+ 37. Kg2 Qd2+ 38. Kg1 Qd4+ 39. Kg2 Qe4+ 40. Qxe4 dxe4 41. h4 Ne5 0-1

[Event "Titled Tuesday intern op 7th Febr"]
[Site "Chess.com INT"]
[Date "2017.02.07"]
[Round "2"]
[White "Laurent, Julien G"]
[Black "Reimanis, Ritvars"]
[Result "1/2-1/2"]
[WhiteElo "2314"]
[BlackElo "2261"]
[PlyCount "99"]
[EventDate "2017.02.07"]
[EventType "swiss (blitz)"]
[EventRounds "9"]
[EventCountry "USA"]
[SourceTitle "EXT 2021"]
[Source "ChessBase"]
[SourceDate "2020.10.23"]
[SourceVersion "1"]
[SourceVersionDate "2020.10.23"]
[SourceQuality "1"]

1. d4 Nf6 2. c4 e6 3. Nc3 Bb4 4. e3 0-0 5. Bd3 c5 6. Nge2 d5 7. a3 Bxc3+ 8. bxc3 cxd4 9. cxd4 dxc4 10. Bxc4 b6 11. 0-0 Bb7 12. f3 Nc6 13. e4 Rc8 14. Ba2 Ba6 15. d5 exd5 16. exd5 Nxd5 17. Bxd5 Bxe2 18. Bxf7+ Rxf7 19. Qxe2 Nd4 20. Qe4 Re7 21. Bg5 Rxe4 22. Bxd8 Re2 23. Bh4 Rcc2 24. Rf2 g5 25. Bg3 h5 26. h4 Nf5 27. Rxe2 Rxe2 28. Bf2 g4 29. fxg4 hxg4 30. g3 Rc2 31. Rd1 Rc3 32. Rd8+ Kf7 33. Rd7+ Kg6 34. Rxa7 Nxg3 35. Ra6 Ne2+ 36. Kf1 Nf4 37. Rxb6+ Kh5 38. Rb5+ Kg6 39. Rg5+ Kh6 40. Rxg4 Rc1+ 41. Be1 Nd3 42. Re4 Ra1 43. a4 Nb2 44. a5 Nd3 45. Re6+ Kh5 46. Re3 Nxe1 47. Rxe1 Rxa5 48. Re4 Ra2 49. Rd4 Rh2 50. Re4 1/2-1/2

[Event "BEL-chT 1516"]
[Site "Belgium"]
[Date "2016.03.06"]
[Round "8.3"]
[White "Laurent, Julien G"]
[Black "Sonntag, Hans Hubert"]
[Result "1/2-1/2"]
[WhiteElo "2221"]
[BlackElo "2368"]
[PlyCount "80"]
[EventDate "2015.09.27"]
[EventType "team-tourn"]
[EventRounds "11"]
[EventCountry "BEL"]
[SourceTitle "EXT 2017"]
[Source "ChessBase"]
[SourceDate "2016.10.25"]
[SourceVersion "1"]
[SourceVersionDate "2016.10.25"]
[SourceQuality "1"]
[WhiteTeam "Namur"]
[BlackTeam "KSK Rochade"]
[WhiteTeamCountry "BEL"]
[BlackTeamCountry "BEL"]

1. d4 Nf6 2. c4 e6 3. Nc3 d5 4. Nf3 Be7 5. Bf4 0-0 6. e3 Nbd7 7. c5 Ne4 8. Rc1 c6 9. b4 b6 10. Bd3 f5 11. Ne5 Nxe5 12. Bxe5 a5 13. Na4 axb4 14. cxb6 Bd6 15. 0-0 Bxe5 16. dxe5 Ba6 17. Bxa6 Rxa6 18. f3 Nc3 19. Nxc3 bxc3 20. Rxc3 Qxb6 21. Qc2 Rfa8 22. Ra1 f4 23. Rb1 Qc7 24. exf4 Rxa2 25. Qc1 Qa7+ 26. Kh1 Qf2 27. Qg1 Qxg1+ 28. Kxg1 Rd2 29. Rxc6 Raa2 30. g4 h6 31. Rxe6 Rg2+ 32. Kh1 Rxh2+ 33. Kg1 Rhg2+ 34. Kh1 Rgf2 35. f5 Rxf3 36. Rg6 Kh7 37. Kg1 Rg3+ 38. Kf1 Rf3+ 39. Kg1 Rg3+ 40. Kf1 Rf3+ 1/2-1/2